000 00590nam a22002057a 4500
003 OSt
005 20140310183051.0
008 130228t xxu||||| |||| 00| 0 eng d
020 _a9789710112463
050 _aHF 5549
_b.V718 2011
100 _aVillanueva, Elvin B.
245 _aHuman resource :forms, notices and contracts made easy :
_cElvin B. Villanueva, Sheila Marie P. Emata. /
260 _aQuezon City :
_bCentral Book Supply,
_c2011.
300 _a346 p. :
_c23 cm.
_bill. ;
521 _aBSA
562 _e2
942 _2lcc
_cBK
_kLOC
999 _c18658
_d18658